Prénoms des plus dormeurs avec les meufs - Statistiques

Statistiques générales
  • Ce quiz a été pris 1 088 fois
    1 083 depuis la dernière actualisation
  • Le résultat moyen est 2 sur 14
Answers on the Grid
Answers color-coded by a green-red scale on the quiz's grid according to % correct below.
Alexandre
Liem
Louis
Thomas
Jeanne
Killian
Tatiana
Agnès
Noé
Edouard
Titouan
Inès
Abdellah
Arthur
Marilou
Augustin
Mohamed
Nathan
Joseph
Fabrice
Marion
Anna
Paul
Laura
Lucas
Enzo
Sarah
Emma
Léa
Silas
 
Statistiques - réponses
Réponse % Correct
Enzo
33%
Killian
21%
Nathan
21%
Mohamed
16%
Emma
13%
Edouard
12%
Alexandre
11%
Augustin
11%
Sarah
11%
Abdellah
10%
Fabrice
8%
Liem
7%
Marion
6%
Silas
6%
Aucun quiz correspondant
Distribution des résultats
% des personnes avec chaque résultat
Percentile par nombre de réponses
Votre historique - résultats
Vous n’avez pas pris ce quiz depuis la dernière actualisation